Chapman Library

Theology, Death and Dying (Record no. 7019)

000 -LEADER
fixed length control field 00267nam a22001217a 4500
020 ## - INTERNATIONAL STANDARD BOOK NUMBER
ISBN 0831148469
050 ## - LIBRARY OF CONGRESS CALL NUMBER
Classification number BT 825
100 ## - MAIN ENTRY--AUTHOR NAME
Personal name ANDERSON, Ray S
245 ## - TITLE STATEMENT
Title Theology, Death and Dying
260 ## - PUBLICATION, DISTRIBUTION, ETC. (IMPRINT)
Place of publication New York
Name of publisher Basil Blackwell
Year of publication 9093
300 ## - PHYSICAL DESCRIPTION
Number of Pages 170
942 ## - ADDED ENTRY ELEMENTS (KOHA)
Koha item type Books
Holdings
Koha item type Collection code Shelving location Accession Number Permanent Location Current Location Date acquired Full call number
BooksLendingBook Cart9083Chapman LibraryChapman Library2019-08-01BT 825


CSUC Chapman Library is a Koha Automated Library.


Contact us: library@csuc.edu.gh.